000 00262nam a22001097a 4500
008 170104b xxu||||| |||| 00| 0 eng d
020 _a9781582553474
041 _aeng
080 _a618.2
245 _aPediatric Nursing
_cWilliams, L & Wilkins, L
942 _2udc
_cBK
999 _c2519
_d2519